Vài ý kiến về sự thực lịch sử và hư cấu nghệ thuật trong truyện lịch sử phục vụ các em /

Zapisane w:
Opis bibliograficzny
1. autor: Hà Ân.
Format: Artykuł
Język:Vietnamese
Hasła przedmiotowe:
Etykiety: Dodaj etykietę
Nie ma etykietki, Dołącz pierwszą etykiete!
Thư viện lưu trữ: Thư viện Trường Đại học Đà Lạt
LEADER 00799nam a2200265 4500
001 DLU090068227
005 ##20090424
040 # # |a DLU  |b vie 
041 # # |a vie 
044 # # |a vn 
100 # # |a Hà Ân. 
245 # # |a Vài ý kiến về sự thực lịch sử và hư cấu nghệ thuật trong truyện lịch sử phục vụ các em /  |c Hà Ân.  
653 # # |a Hư cấu 
653 # # |a Truyện lịch sử 
653 # # |a Văn học thiếu nhi  
773 # # |t Tạp chí văn học  |g Số3, 1979, tr.74-79 
920 # # |a Phòng Tạp chí -- Trung tâm Thông tin - Thư viện Trường Đại học Đà Lạt 
994 # # |a DLU 
900 # # |a True 
911 # # |a Nguyễn Thị Linh Chi 
925 # # |a G 
926 # # |a A 
927 # # |a BB 
980 # # |a Thư viện Trường Đại học Đà Lạt